000 00861nmm a2200313 a 4500
003 AR-BaBNM
005 20251128204509.0
008 165019s1991 ||||||||||||||000 | spa||
020 _a968-26-0571-7
040 _cAR-BaBNM
245 1 0 _aAdministración de los recursos humanos y personal
250 _a4ª ed.
260 _a[S.l.]
_bContinental
_c1991
300 0 _a545 p.
_bgráfs.
500 0 _aTraducido por Alberto García Mendoza
650 4 _aRECURSOS HUMANOS
650 4 _aADMINISTRACION DEL PERSONAL
650 4 _aADMINISTRACION DE RECURSOS
650 4 _aFORMACION PROFESIONAL
650 4 _aSELECCION DEL PERSONAL
650 4 _aRELACIONES LABORALES
650 4 _aTRABAJO
700 1 _aHeneman, Herbert G.
700 1 _aSchwab, Donald P.
700 1 _aFossum, John A.
700 1 _aDyer, Lee D.
942 _cBK
998 _cCarmen
999 _c7652
_d7652